000 00681nam a2200241 a 4500
003 DO-SdBNP
005 20220727113328.0
007 ta
008 220727e1990 dr a|||fr|||| 001 0 spa d
020 _a8440455186
040 _aDO-SdBNP
_bspa
_cBNPHU
082 4 _222
_bP153m
100 1 _976478
_aPalacios, Santiago
245 _aMenopausia y calidad de vida. /
_cSantiago Palacios, Carmen Menéndez
260 _aSanto Domingo :
_bVitesa,
_c1990
300 _a133 p.
_bil. ;
_c20 cm.
590 _aInventariado 2022 / MF
650 4 _920479
_aMenopausia
700 1 _976478
_aPalacios, Santiago
700 1 _976478
_aMenéndez, Carmen
910 _aMFeliz
942 _2ddc
_cLBS1
999 _c52238
_d52238